Plasma spectroscopy / (Record no. 178381)
[ view plain ]
| 000 -LEADER | |
|---|---|
| fixed length control field | 01357 a2200229 4500 |
| 003 - CONTROL NUMBER IDENTIFIER | |
| control field | NUST |
| 005 - DATE AND TIME OF LATEST TRANSACTION | |
| control field | 20221128153813.0 |
| 010 ## - LIBRARY OF CONGRESS CONTROL NUMBER | |
| LC control number | 96037158 |
| 020 ## - INTERNATIONAL STANDARD BOOK NUMBER | |
| International Standard Book Number | 0521455049 (hardback) |
| 040 ## - CATALOGING SOURCE | |
| Transcribing agency | Nust |
| 082 00 - DEWEY DECIMAL CLASSIFICATION NUMBER | |
| Classification number | 530.446,GRI |
| 100 1# - MAIN ENTRY--PERSONAL NAME | |
| Personal name | Griem, Hans R. |
| 9 (RLIN) | 103715 |
| 245 10 - TITLE STATEMENT | |
| Title | Plasma spectroscopy / |
| Statement of responsibility, etc. | Hans R. Griem. |
| 260 ## - PUBLICATION, DISTRIBUTION, ETC. | |
| Place of publication, distribution, etc. | Cambridge, [Eng.] ; |
| -- | New York : |
| Name of publisher, distributor, etc. | Cambridge University Press, |
| Date of publication, distribution, etc. | 1964. |
| 300 ## - PHYSICAL DESCRIPTION | |
| Extent | xix, 366 p. : |
| Other physical details | ill. ; |
| Dimensions | 26 cm. |
| 440 #0 - SERIES STATEMENT/ADDED ENTRY--TITLE | |
| Title | Cambridge monographs on plasma physics ; |
| Volume/sequential designation | 2 |
| 9 (RLIN) | 103716 |
| 505 ## - FORMATTED CONTENTS NOTE | |
| Formatted contents note | Classical Radiation Theory (Page-1), Quantum Theory of Radiation (Page-17), Calculation of Line Oscillators Strength (Page-45), Line Broadening Calculation (Page-63), Calculation of Continue (Page-),105Equilibrium Relations (Page-129), Radiation from Extended Sources (Page-169), Radiation Energy Losses (Page-191), Plasma Light Sources (Page-203), Optical Instruments (Page-227), Radiations Detectors s (Page-243), Radiation Standards (Page-255),Temperature Measurements (Page-267), Density Measurements (Page-297), Measurements of Atomic Parameters (Page-315) . |
| 650 #0 - SUBJECT ADDED ENTRY--TOPICAL TERM | |
| Topical term or geographic name entry element | Plasma spectroscopy. |
| 9 (RLIN) | 103717 |
| 856 42 - ELECTRONIC LOCATION AND ACCESS | |
| Materials specified | Publisher description |
| Uniform Resource Identifier | <a href="http://www.loc.gov/catdir/description/cam028/96037158.html">http://www.loc.gov/catdir/description/cam028/96037158.html</a> |
| 856 42 - ELECTRONIC LOCATION AND ACCESS | |
| Materials specified | Table of contents |
| Uniform Resource Identifier | <a href="http://www.loc.gov/catdir/toc/cam022/96037158.html">http://www.loc.gov/catdir/toc/cam022/96037158.html</a> |
| 942 ## - ADDED ENTRY ELEMENTS (KOHA) | |
| Source of classification or shelving scheme | |
| Koha item type | Book |
| Call number prefix | 530.446,GRI |
| Withdrawn status | Lost status | Source of classification or shelving scheme | Damaged status | Not for loan | Permanent Location | Current Location | Shelving location | Date acquired | Full call number | Barcode | Date last seen | Price effective from | Koha item type | Public note | Total Checkouts |
|---|---|---|---|---|---|---|---|---|---|---|---|---|---|---|---|
| Military College of Signals (MCS) | Military College of Signals (MCS) | General Stacks | 12/12/2016 | 530.446,GRI | MCS34558 | 12/08/2016 | 12/12/2016 | Book | Almirah No.16, Shelf No.2 | ||||||
| Military College of Signals (MCS) | Military College of Signals (MCS) | General Stacks | 11/28/2022 | 530.446,GRI | MCS34557 | 11/28/2022 | 11/28/2022 | Book | Almirah No.16, Shelf No.2 |
